Biggest Cities that Border the Pacific Ocean - Statistics

General Stats
  • This quiz has been taken 71 times
  • The average score is 16 of 20
Answer Stats
Country Population Answer % Correct
USA 17.7 mill Los Angeles
100%
Japan 39.8 mill Tokyo
100%
Australia 4.97 mill Sydney
98%
Taiwan 9.05 mill Taipei
98%
Indonesia 28.9 mill Jakarta
97%
Peru 10.1 mill Lima
97%
Thailand 17.4 mill Bangkok
95%
Philippines 24.1 mill Manila
95%
China 31.1 mill Shanghai
95%
Singapore 6.95 mill Singapore
95%
Japan 17.8 mill Osaka
94%
USA 7.7 mill San Francisco
94%
China 48.6 mill Guangzhou
91%
China 7.3 mill Hong Kong
84%
Japan 10.5 mill Nagoya
67%
China 11.8 mill Tianjin
61%
China 10.1 mill Xiamen
45%
China 5.85 mill Qingdao
30%
China 8.15 mill Shantou
17%
China 5.95 mill Wenzhou
16%
No matching quizzes found
Score Distribution
Percent of People with Each Score
Percentile by Number Answered
Your Score History
You have not taken this quiz